000
00289nam a22001337a 4500
008
170530b xxu||||| |||| 00| 0 eng d
020
_a
9780670886234
041
_a
eng
080
_a
94
100
_a
17
101
_a
SHH
245
_a
CASSANDRA'S DAUGHTER
_c
SCHWARTZ,J
942
_2
udc
_c
BK
999
_c
15027
_d
15027